[Event "2nd WTeam w"]
[Site "Ningbo CHN"]
[Date "2009.09.08"]
[Round "6"]
[White "Gunina,V"]
[Black "Khukhashvili,S"]
[Result "1-0"]
[WhiteElo "2437"]
[BlackElo "2451"]
[EventDate "2009.09.02"]

1. d4 e6 2. Nf3 Nf6 3. g3 Nc6 4. c4 Bb4+ 5. Bd2 Qe7 6. Bg2 Bxd2+ 7. Nbxd2
d6 8. O-O O-O 9. e4 e5 10. d5 Nb8 11. Ne1 a5 12. Nd3 Na6 13. Qc2 c6 14.
dxc6 bxc6 15. Qc3 Nc7 16. c5 Nb5 17. cxd6 Qxd6 18. Nc4 Qe6 19. Qc1 Nd4 20.
Re1 Nd7 21. Qc3 Ba6 22. Rac1 h5 23. h4 f6 24. Kh2 g5 25. Ne3 Rab8 26. b3 a4
27. bxa4 Qxa2 28. Nb4 Rxb4 29. Qxb4 Qxf2 30. Nf5 c5 31. Qa5 Nxf5 32. exf5
Bb7 33. Rg1 Bxg2 34. Rxg2 Qxf5 35. Qd2 e4 36. Rf2 Qe6 37. Qa2 Qxa2 38. Rxa2
gxh4 39. gxh4 f5 40. a5 f4 41. a6 e3 42. a7 Ra8 43. Rd1 Ne5 44. Rb1 Nc6 45.
Kg2 e2 46. Kf2 f3 47. Rb7 Re8 48. Ra1 Kf8 49. Rh7 Kg8 50. Rd7 c4 51. Rg1+
Kh8 52. Rd5 e1=Q+ 53. Rxe1 Ra8 54. Rd7 c3 55. Rc7 Nxa7 56. Ra1 c2 57. Rxc2
Rg8 58. Rc5 Rg7 59. Rg1 Rb7 60. Kxf3 Rh7 61. Rb1 Rf7+ 62. Kg3 Rf8 63. Rxh5+
Kg8 64. Rg5+ Kh8 65. Rb6 Rf7 66. Rh6+ Rh7 67. Rxh7+ Kxh7 68. Rc5 1-0

[Event "2nd WTeam w"]
[Site "Ningbo CHN"]
[Date "2009.09.08"]
[Round "6"]
[White "Mkrtchian,L"]
[Black "Zawadzka,J"]
[Result "1-0"]
[WhiteElo "2468"]
[BlackElo "2414"]
[EventDate "2009.09.02"]

1. d4 d5 2. c4 e6 3. Nf3 c6 4. e3 Nf6 5. b3 Bb4+ 6. Nbd2 c5 7. Bb2 cxd4 8.
exd4 O-O 9. Bd3 b6 10. a3 Be7 11. O-O Bb7 12. Qe2 Nc6 13. Rac1 Rc8 14. Rfd1
Re8 15. Qe3 Nd7 16. cxd5 exd5 17. Ne5 Nf8 18. Qh3 Bg5 19. Rc2 Bf6 20. Ndf3
Na5 21. Nd7 h6 22. Nxf8 Kxf8 23. Ne5 Rxc2 24. Bxc2 Bc8 25. Qd3 Qd6 26. a4
Nc6 27. f4 Ne7 28. Qh7 Ng8 29. Nxf7 Qxf4 30. Ba3+ Be7 31. Bxe7+ Rxe7 32.
Ne5 Qe3+ 33. Kh1 Re6 34. Bf5 Rf6 35. Bxc8 Qxd4 36. Nd7+ Kf7 37. Qb1 1-0

[Event "2nd WTeam w"]
[Site "Ningbo CHN"]
[Date "2009.09.08"]
[Round "6"]
[White "Hoang Thi Bao Tram"]
[Black "Harika,D"]
[Result "1/2-1/2"]
[WhiteElo "2265"]
[BlackElo "2474"]
[EventDate "2009.09.02"]

1. d4 Nf6 2. Nf3 g6 3. Bf4 d6 4. e3 Nh5 5. Bg5 h6 6. Bh4 g5 7. Nfd2 Ng7 8.
Bg3 Nf5 9. Qh5 Bg7 10. Bd3 Nxg3 11. hxg3 Nd7 12. Bc4 Rf8 13. Bb3 e6 14. Nc3
Qe7 15. O-O-O c6 1/2-1/2

[Event "2nd WTeam w"]
[Site "Ningbo CHN"]
[Date "2009.09.08"]
[Round "6"]
[White "Sachdev,T"]
[Black "Pham Le Thao Nguyen"]
[Result "1-0"]
[WhiteElo "2405"]
[BlackElo "2301"]
[EventDate "2009.09.02"]

1. d4 d5 2. c4 c6 3. Nf3 Nf6 4. e3 Bg4 5. Nc3 e6 6. h3 Bxf3 7. Qxf3 Nbd7 8.
Bd2 Bb4 9. O-O-O O-O 10. g4 dxc4 11. Bxc4 Nd5 12. e4 Nxc3 13. Bxc3 Qa5 14.
Bxb4 Qxb4 15. Qc3 Qe7 16. Kb1 Rfc8 17. f4 a5 18. Rc1 b5 19. Be2 b4 20. Qd2
c5 21. Rhd1 cxd4 22. Qxd4 Nf8 23. e5 Rd8 24. Qe3 a4 25. f5 a3 26. b3 Rxd1
27. Rxd1 Rd8 28. Rf1 Qc7 29. Rc1 Qb8 30. Bc4 Qb7 31. Rg1 Qd7 32. Kc1 Rc8
33. Qe4 Qa7 34. Rg2 Rd8 35. Kc2 Rd4 36. Qc6 Qe7 37. Re2 Rd8 38. Qb5 Kh8 39.
Rd2 Rc8 40. Qa6 Re8 41. Qd6 Qb7 42. Qd4 Qh1 43. Ba6 exf5 44. Qxb4 fxg4 45.
hxg4 Qc6+ 46. Bc4 Qe4+ 47. Kc1 Ra8 48. Qe7 Qxg4 49. Qxf7 Ng6 50. e6 Qg5 51.
Qd7 h5 52. Qd5 Qxd5 53. Rxd5 h4 54. Rh5+ 1-0

[Event "2nd WTeam w"]
[Site "Ningbo CHN"]
[Date "2009.09.08"]
[Round "6"]
[White "Hoang Thi Nhu Y"]
[Black "Karavade,E"]
[Result "1/2-1/2"]
[WhiteElo "2114"]
[BlackElo "2391"]
[EventDate "2009.09.02"]

1. c4 c5 2. Nc3 Nc6 3. g3 g6 4. Bg2 Bg7 5. Nf3 e5 6. d3 d6 7. Bg5 Nge7 8.
Qc1 O-O 9. O-O Rb8 10. Bh6 a6 11. Bxg7 Kxg7 12. Rd1 h6 13. e3 Be6 14. b3
Qc8 15. Qb2 Bg4 16. Ne4 Qe6 17. Rd2 f6 18. Ne1 Rbd8 19. Nc2 b5 20. Nc3 Rb8
21. Nd5 Qc8 22. Rc1 Bf5 23. cxb5 Rxb5 24. Na3 Rb8 25. Nxe7 Nxe7 26. d4 Rd8
27. h4 g5 28. f4 exf4 29. hxg5 hxg5 30. exf4 gxf4 31. gxf4 Ng6 32. dxc5
dxc5 33. Rxd8 Qxd8 34. Qf2 Rc8 35. Nc4 Qd3 36. Ne3 Re8 37. Re1 Kf8 38. Bf1
Qe4 39. Ng2 Qc6 40. Rxe8+ Kxe8 41. Qe2+ Qe4 42. Qxe4+ Bxe4 43. Bxa6 Kd7 44.
Bc4 Kd6 45. Bf7 Nh8 46. Bc4 Ng6 47. Bf7 Nh8 48. Bc4 Ng6 49. Bf7 1/2-1/2

[Event "2nd WTeam w"]
[Site "Ningbo CHN"]
[Date "2009.09.08"]
[Round "6"]
[White "Zhukova,N"]
[Black "Zhang Xiaowen"]
[Result "1/2-1/2"]
[WhiteElo "2457"]
[BlackElo "2391"]
[EventDate "2009.09.02"]

1. e4 e6 2. d4 d5 3. Nc3 Nf6 4. Bg5 dxe4 5. Nxe4 Be7 6. Bxf6 gxf6 7. Nf3 f5
8. Nc3 a6 9. g3 b5 10. Bg2 Bb7 11. O-O O-O 12. Qc1 c5 13. dxc5 Bxc5 14. Qh6
Bxf3 15. Bxf3 Ra7 16. Rad1 Rd7 17. a4 b4 18. Na2 Qe7 19. c3 bxc3 20. bxc3
Rc7 21. a5 Nc6 22. Bxc6 Rxc6 23. Rd7 Qxd7 24. Qg5+ Kh8 25. Qf6+ 1/2-1/2

[Event "2nd WTeam w"]
[Site "Ningbo CHN"]
[Date "2009.09.08"]
[Round "6"]
[White "Wang Yu A"]
[Black "Gaponenko,I"]
[Result "0-1"]
[WhiteElo "2380"]
[BlackElo "2438"]
[EventDate "2009.09.02"]

1. e4 c5 2. Nf3 d6 3. d4 cxd4 4. Nxd4 Nf6 5. Nc3 Nc6 6. Bc4 e6 7. Be3 Be7
8. Qe2 a6 9. O-O-O Nxd4 10. Bxd4 b5 11. Bb3 Bb7 12. e5 dxe5 13. Bxe5 Qb6
14. f4 O-O 15. Rhe1 Rad8 16. g4 Nd7 17. Bd4 Bc5 18. Qe3 Bxd4 19. Rxd4 Nf6
20. Rxd8 Qxe3+ 21. Rxe3 Rxd8 22. h3 Kf8 23. a3 g6 24. Ne2 h5 25. g5 Ne4 26.
c3 h4 27. Bc2 Nd6 28. Nd4 Nc4 29. Re2 Re8 30. Be4 Bxe4 31. Rxe4 e5 32. fxe5
Rxe5 33. Rxe5 Nxe5 34. Kd2 f6 35. gxf6 Kf7 36. b3 g5 37. Ke3 Kxf6 38. Nf3
Nd7 39. c4 bxc4 40. bxc4 Nc5 41. Kd4 Ne6+ 42. Kd5 Nf4+ 43. Kd6 Nxh3 44. c5
Nf2 45. c6 Ne4+ 46. Kd5 Nc3+ 47. Kc5 Nb5 48. a4 Na7 49. Kb6 Nxc6 50. Kxc6
h3 51. Kd5 g4 52. Ne5 Kf5 0-1

[Event "2nd WTeam w"]
[Site "Ningbo CHN"]
[Date "2009.09.08"]
[Round "6"]
[White "Zdebskaja,N"]
[Black "Wang Xiaohui"]
[Result "1/2-1/2"]
[WhiteElo "2410"]
[BlackElo "2223"]
[EventDate "2009.09.02"]

1. e4 d6 2. d4 Nf6 3. Nc3 g6 4. f4 Bg7 5. Nf3 c5 6. dxc5 Qa5 7. Bd3 Qxc5 8.
Qe2 O-O 9. Be3 Qa5 10. O-O Bg4 11. h3 Bxf3 12. Qxf3 Nc6 13. Ne2 Nb4 14. Bd4
Nd7 15. c3 Nxd3 16. Qxd3 Bxd4+ 17. cxd4 Rac8 18. f5 Qb6 19. b3 d5 20. exd5
Nf6 21. fxg6 hxg6 22. Nf4 Rcd8 23. Rae1 Nxd5 24. Ne6 Nb4 25. Qb1 Rxd4 26.
Nxd4 Qxd4+ 27. Kh2 Qd6+ 28. Kh1 Nd3 29. Re3 Rd8 30. Rff3 Nc5 31. Qf1 f5 32.
Qc4+ e6 33. Qh4 Kg7 34. b4 Ne4 35. Rxe4 fxe4 36. Qf6+ Kh7 37. Rf4 Qd1+ 38.
Kh2 Qd6 39. Kh1 Qd1+ 40. Kh2 Qd6 41. Kh1 1/2-1/2

[Event "2nd WTeam w"]
[Site "Ningbo CHN"]
[Date "2009.09.09"]
[Round "7"]
[White "Zhang Xiaowen"]
[Black "Karavade,E"]
[Result "1/2-1/2"]
[WhiteElo "2391"]
[BlackElo "2391"]
[EventDate "2009.09.02"]

1. e4 e5 2. Nf3 Nc6 3. Bb5 a6 4. Ba4 Nf6 5. O-O Be7 6. Re1 b5 7. Bb3 O-O 8.
h3 Bb7 9. d3 d6 10. c3 Na5 11. Bc2 c5 12. Nbd2 Nc6 13. Nf1 Re8 14. Ng3 Bf8
15. Nh2 h6 16. Qf3 g6 17. Bb3 Qe7 18. Ng4 Nxg4 19. Qxg4 Kh7 20. f4 exf4 21.
Bxf4 Bg7 22. Rf1 Bc8 23. Qf3 Be6 1/2-1/2

[Event "2nd WTeam w"]
[Site "Ningbo CHN"]
[Date "2009.09.09"]
[Round "7"]
[White "Gomes,Mary"]
[Black "Ding Yixin"]
[Result "1-0"]
[WhiteElo "2396"]
[BlackElo "2321"]
[EventDate "2009.09.02"]

1. Nf3 Nf6 2. g3 g6 3. b3 Bg7 4. Bb2 d5 5. Bg2 O-O 6. O-O c6 7. d3 Bf5 8.
Nbd2 Qc8 9. Qe1 Re8 10. Rb1 Bh3 11. e4 dxe4 12. dxe4 Na6 13. a3 Nc5 14. b4
Na4 15. Ba1 a5 16. e5 Bxg2 17. Kxg2 Nh5 18. Qe4 Bh6 19. Rfe1 axb4 20. axb4
Qe6 21. Nd4 Qd5 22. c4 Qxe4+ 23. Nxe4 Nb6 24. c5 Nc4 25. f4 Red8 26. Bc3
Ra3 27. Rb3 Ra2+ 28. Kg1 f5 29. Nf2 Nd2 30. Bxd2 Rxd2 31. Nf3 R2d5 32. Rc1
Ng7 33. Kf1 Ne6 34. h4 Kf7 35. Ke1 Bg7 36. Rd1 h6 37. Rxd5 Rxd5 38. Rd3 Nc7
39. Rxd5 Nxd5 40. Nd3 e6 41. Nd4 Ke7 42. Kd2 Kd7 43. Nc2 Bf8 44. Ne3 Nxe3
45. Kxe3 Kc7 46. Kd4 b5 47. cxb6+ Kxb6 48. Kc4 Be7 49. Nb2 Kc7 50. Kb3 Kd7
51. Nd3 Bd8 52. Nc5+ Ke7 53. Kc4 Bb6 54. b5 cxb5+ 55. Kxb5 Ba7 56. Kc6 h5
57. Kb5 Kf7 58. Kc4 Ke7 59. Kb4 Bb6 60. Kb5 Bc7 61. Nb7 Kd7 62. Kc5 Bb8 63.
Kb6 Bc7+ 64. Kb5 Bb8 65. Nc5+ 1-0

[Event "2nd WTeam w"]
[Site "Ningbo CHN"]
[Date "2009.09.09"]
[Round "7"]
[White "Pham Le Thao Nguyen"]
[Black "Mkrtchian,L"]
[Result "1/2-1/2"]
[WhiteElo "2301"]
[BlackElo "2468"]
[EventDate "2009.09.02"]

1. d4 d6 2. Nf3 g6 3. Bf4 Bg7 4. c3 Nd7 5. Nbd2 e5 6. Bg3 Ne7 7. e4 exd4 8.
Nxd4 O-O 9. Be2 Nc5 10. O-O Bd7 11. Qc2 Kh8 12. N2b3 Na4 13. Bf3 Nb6 14.
Na5 Rb8 15. Rfe1 Qc8 16. h3 f6 17. Rad1 Nc6 18. Naxc6 bxc6 19. c4 c5 20.
Ne2 a5 21. Nf4 a4 22. Qe2 Re8 23. Rc1 Bc6 24. Qc2 Qb7 25. Re2 Nd7 26. Rce1
Ne5 27. Bg4 Qb4 28. Ne6 Re7 29. Bxe5 fxe5 30. Nxg7 Kxg7 31. Rd2 Be8 32. Re3
Bf7 33. Rc3 Qa5 34. Bd1 Rb4 35. Re2 Qa6 36. b3 Re8 37. Qd3 Reb8 38. Re3
axb3 39. axb3 Qa1 40. Kh2 Ra8 41. Bg4 Rbb8 42. Rf3 Qe1 43. h4 Ra2 44. Rxf7+
Kxf7 45. Qd5+ Kg7 46. Rf3 Rf8 47. Qe6 Rxf3 48. Bxf3 Qxf2 49. Qe7+ Kg8 50.
Qe8+ Kg7 51. Qe7+ 1/2-1/2

[Event "2nd WTeam w"]
[Site "Ningbo CHN"]
[Date "2009.09.09"]
[Round "7"]
[White "Galojan,L"]
[Black "Hoang Thi Nhu Y"]
[Result "1-0"]
[WhiteElo "2326"]
[BlackElo "2114"]
[EventDate "2009.09.02"]

1. Nf3 Nf6 2. c4 b6 3. d4 Bb7 4. g3 e6 5. Bg2 Be7 6. O-O O-O 7. Nc3 Ne4 8.
Qc2 Nxc3 9. Qxc3 c5 10. Rd1 Bf6 11. Qc2 cxd4 12. Ng5 Bxg5 13. Bxb7 Bxc1 14.
Bxa8 Bg5 15. Rxd4 Qc7 16. Bg2 d5 17. Qa4 Bf6 18. cxd5 Bxd4 19. Qxd4 exd5
20. Bxd5 Nd7 21. Rd1 Nf6 22. Bc4 h5 23. b3 Qb7 24. a4 Re8 25. Qf4 Qe7 26.
Qd6 Qb7 27. h4 a6 28. Qd3 a5 29. f3 Re7 30. Qd8+ Re8 31. Qd3 Re7 32. Qf5
Qc7 33. Kg2 Kf8 34. e4 Re5 35. Qf4 Ke7 36. Qd2 Rc5 37. Kh2 Ne8 38. Qd4 g5
39. hxg5 h4 40. f4 hxg3+ 41. Kg2 Qxf4 42. Rf1 Qd6 43. Rxf7+ Kd8 44. Qe3 b5
45. axb5 a4 46. b6 axb3 47. Bxb3 Qxb6 48. Qxg3 Qd6 49. Bd5 Rc2+ 50. Kh3 Qb4
51. g6 Rc3 52. Rf3 Rxf3 53. Qxf3 Qd4 54. Qf4 Ng7 55. Qd6+ 1-0

[Event "2nd WTeam w"]
[Site "Ningbo CHN"]
[Date "2009.09.09"]
[Round "7"]
[White "Vo Thi Kim Phung"]
[Black "Aginian,N"]
[Result "0-1"]
[WhiteElo "2078"]
[BlackElo "2307"]
[EventDate "2009.09.02"]

1. d4 d5 2. Nf3 Nf6 3. c4 c6 4. Nc3 e6 5. cxd5 exd5 6. Bg5 h6 7. Bh4 Bf5 8.
Qb3 g5 9. Bg3 Qb6 10. Nd2 Nbd7 11. e3 Nh5 12. Be2 Nxg3 13. hxg3 Bg7 14. Rc1
O-O 15. Na4 Qxb3 16. Nxb3 Rfe8 17. Kd2 Nf6 18. f3 h5 19. Nac5 Re7 20. Bd3
Bg6 21. Bxg6 fxg6 22. Nd3 Ne8 23. Na5 Nd6 24. Rhe1 Rae8 25. Nc5 Rf7 26. Nd3
Nf5 27. Nb4 Bf8 28. Nd3 Nxg3 29. a3 Bd6 30. b4 Nf5 31. Rc3 Bg3 32. Re2 Rfe7
33. Ne5 Bxe5 34. dxe5 Rxe5 35. Nxb7 d4 36. Rxc6 dxe3+ 37. Kc3 Ng3 38. Re1
e2 39. Rxg6+ Kh7 40. Rd6 Nf5 41. Rd7+ Kg6 42. Nd6 Nxd6 43. Rxd6+ Kf5 44.
Rd4 Re3+ 45. Kb2 g4 46. fxg4+ hxg4 47. Kc2 Rxa3 48. Kd2 Ra2+ 49. Kd3 Ra3+
50. Kd2 Kg5 51. g3 Rxg3 52. Rxe2 Rxe2+ 53. Kxe2 Ra3 54. Kf2 Kh4 55. Rd1
Ra2+ 56. Kg1 Kh3 57. Rb1 a6 58. Rb3+ g3 59. Rb1 Rg2+ 60. Kh1 Re2 61. Kg1
Re5 62. Ra1 Re3 63. Rb1 Rd3 64. Kh1 g2+ 65. Kg1 Kg3 66. b5 axb5 67. Rb3 Rf3
68. Rd3 Kf4 69. Rd4+ Ke3 70. Rd5 b4 71. Kxg2 Rf2+ 72. Kg3 Rd2 73. Rb5 Rd4
74. Kg2 Kd3 75. Kf2 Re4 76. Kf3 Rd4 77. Rb8 Kc3 78. Ke3 Rd7 79. Ke2 b3 80.
Rc8+ Kb2 81. Rb8 Kc2 82. Rc8+ Kb1 83. Rb8 b2 84. Ra8 Rd5 85. Ra7 Kc2 86.
Rc7+ Kb3 87. Rb7+ Kc3 88. Ke3 Re5+ 0-1

[Event "2nd WTeam w"]
[Site "Ningbo CHN"]
[Date "2009.09.09"]
[Round "7"]
[White "Zawadzka,J"]
[Black "Kosintseva,N"]
[Result "1/2-1/2"]
[WhiteElo "2414"]
[BlackElo "2493"]
[EventDate "2009.09.02"]

1. e4 e5 2. Nf3 Nc6 3. Bb5 a6 4. Ba4 Nf6 5. d4 exd4 6. O-O Be7 7. e5 Ne4 8.
Nxd4 O-O 9. Nf5 d5 10. exd6 Bxf5 11. dxe7 Qxe7 12. Bxc6 bxc6 13. Qf3 Bg6
14. Nc3 Nxc3 15. Qxc3 Qe4 16. f3 Qxc2 17. Qxc2 Bxc2 18. Bf4 Bf5 19. Rac1
Be6 20. Rxc6 1/2-1/2

[Event "2nd WTeam w"]
[Site "Ningbo CHN"]
[Date "2009.09.09"]
[Round "7"]
[White "Szczepkowska Horowska,K"]
[Black "Gunina,V"]
[Result "0-1"]
[WhiteElo "2321"]
[BlackElo "2437"]
[EventDate "2009.09.02"]

1. e4 c6 2. d4 d5 3. Nd2 dxe4 4. Nxe4 Bf5 5. Ng3 Bg6 6. h4 h6 7. Nf3 Nd7 8.
h5 Bh7 9. Bd3 Bxd3 10. Qxd3 e6 11. Bd2 Ngf6 12. O-O-O Be7 13. Ne4 Nxe4 14.
Qxe4 Nf6 15. Qe2 Qd5 16. c4 Qe4 17. Qxe4 Nxe4 18. Be3 Nd6 19. b3 b5 20. c5
Ne4 21. Kc2 Nf6 22. Bf4 Nd5 23. Be5 f6 24. Bg3 Kf7 25. a3 Bd8 26. Nd2 Ba5
27. Ne4 Ke7 28. Rh3 Kd7 29. Bh2 Rhg8 30. Ra1 f5 31. Nd6 Bc7 32. Nf7 f4 33.
Re1 Raf8 34. Ne5+ Bxe5 35. Rxe5 g5 36. hxg6 Rxg6 37. g3 f3 38. Kd3 Nf6 39.
Bg1 Ng4 40. Re4 Rf5 41. Rh4 h5 42. Rh3 Nf6 43. Re5 Rgg5 44. Rxf5 Rxf5 45.
Rh4 Ng4 46. Ke4 Ke7 47. Rh3 Kf6 48. Rh4 Kg5 49. Rh1 Nf6+ 50. Ke3 Nd5+ 51.
Kd3 e5 52. Bh2 exd4 53. Re1 Nf6 54. b4 Ng4 55. Bg1 Re5 56. Ra1 Re2 57. Kxd4
Kf5 58. Rd1 Rc2 59. Re1 Ra2 60. Re7 Rd2+ 61. Kc3 Rd1 62. Rf7+ Ke6 63. Rxf3
Rxg1 64. Rf8 Rg2 65. Rh8 Nf6 66. Rd8 Rxf2 67. Rd6+ Ke5 68. Rxc6 Rf3+ 69.
Kb2 Rxg3 70. Rc7 h4 71. Rxa7 h3 72. Ra8 Rg8 0-1

[Event "2nd WTeam w"]
[Site "Ningbo CHN"]
[Date "2009.09.10"]
[Round "8"]
[White "Dzagnidze,N"]
[Black "Goletiani,R"]
[Result "1-0"]
[WhiteElo "2535"]
[BlackElo "2391"]
[EventDate "2009.09.02"]

1. d4 Nf6 2. Nf3 e6 3. c4 c5 4. d5 exd5 5. cxd5 g6 6. Nc3 d6 7. Bf4 Bg7 8.
h3 O-O 9. e3 Na6 10. Be2 Nc7 11. O-O a6 12. a4 b6 13. Qb3 Rb8 14. Nd2 b5
15. axb5 axb5 16. Bf3 Ba6 17. Rfc1 Qe7 18. Nce4 Nxe4 19. Nxe4 Be5 20. Rxc5
Bxf4 21. Rxc7 Qxc7 22. exf4 f5 23. Ng5 Qb6 24. Ne6 Rf7 25. g4 Rc8 26. gxf5
Rxf5 27. Be4 Rf6 28. f5 gxf5 29. Bg2 f4 30. Be4 f3 31. Re1 Kh8 32. Re3 Rg8+
33. Kh1 Qa5 34. Qd1 1-0

[Event "2nd WTeam w"]
[Site "Ningbo CHN"]
[Date "2009.09.10"]
[Round "8"]
[White "Huang Qian"]
[Black "Majdan,J"]
[Result "1-0"]
[WhiteElo "2424"]
[BlackElo "2361"]
[EventDate "2009.09.02"]

1. d4 e6 2. c4 c5 3. d5 exd5 4. cxd5 d6 5. Nc3 g6 6. e4 Bg7 7. Nf3 a6 8. a4
Bg4 9. Be2 Bxf3 10. Bxf3 Nd7 11. O-O Ne7 12. Be2 O-O 13. Bf4 Qc7 14. Qd2 f5
15. Rac1 Rae8 16. b4 c4 17. Rfe1 Ne5 18. b5 Qa5 19. Bf1 fxe4 20. Nxe4 Qxd2
21. Bxd2 axb5 22. Nxd6 Rd8 23. Bg5 Rd7 24. Bxe7 Rxe7 25. Nxb5 Ref7 26. f3
Rf4 27. Red1 Bf6 28. Nc7 Rc8 29. Ne6 Rf5 30. d6 Kf7 31. Nc7 Rf4 32. Nd5 Rh4
33. f4 Ng4 34. Rxc4 Rd8 35. h3 Nh6 36. g3 1-0

[Event "2nd WTeam w"]
[Site "Ningbo CHN"]
[Date "2009.09.10"]
[Round "8"]
[White "Kosintseva,N"]
[Black "Pham Le Thao Nguyen"]
[Result "1/2-1/2"]
[WhiteElo "2493"]
[BlackElo "2301"]
[EventDate "2009.09.02"]

1. e4 Nf6 2. e5 Nd5 3. d4 d6 4. Nf3 g6 5. Bc4 Nb6 6. Bb3 Bg7 7. exd6 cxd6
8. O-O O-O 9. Re1 Nc6 10. c3 Bf5 11. Bg5 d5 12. Nbd2 Qd7 13. Nf1 Rfe8 14.
Ng3 Be6 15. Qe2 Nc4 16. Rad1 b5 17. Bc1 Bg4 18. h3 Bxf3 19. Qxf3 a5 20. Nf1
e6 21. a3 Ne7 22. Nh2 Nf5 23. Ng4 f6 24. Bc2 Ncd6 25. Bf4 Nf7 26. Qe2 N5d6
27. h4 Ra7 28. h5 g5 29. Bc1 Nh6 30. Nh2 Bf8 31. f4 g4 32. Nxg4 Nxg4 33.
Qxg4+ Kh8 34. f5 exf5 35. Qf3 Re4 36. Bxe4 dxe4 37. Qf2 Qf7 38. Qh4 Be7 39.
Bf4 Nc4 40. Re2 a4 41. h6 Rd7 42. Rf1 Rd5 43. Ref2 Qe6 44. Qh3 Qg8 45. Bc1
Nd6 46. Rf4 Qg6 47. Kh1 Bf8 48. Rh4 Nf7 49. Qh2 Bd6 50. Bf4 Bf8 51. Re1 Ng5
52. Re3 Ne6 53. Re1 Nxf4 54. Rxf4 Bd6 55. Ref1 Qg5 56. g3 Bxf4 57. Rxf4 Kg8
58. Kg2 Kf7 59. Kf2 Kg6 60. Ke3 Qxh6 61. Qxh6+ Kxh6 62. Rh4+ Kg6 63. g4 Kg5
64. Rxh7 Kxg4 65. Rg7+ Kh5 66. Kf4 Kh6 67. Rg3 Kh5 68. Rg1 Kh6 69. Rg8 Kh5
70. Rg1 Kh6 1/2-1/2

[Event "2nd WTeam w"]
[Site "Ningbo CHN"]
[Date "2009.09.10"]
[Round "8"]
[White "Hoang Thi Nhu Y"]
[Black "Romanko,M"]
[Result "1/2-1/2"]
[WhiteElo "2114"]
[BlackElo "2453"]
[EventDate "2009.09.02"]

1. d4 Nf6 2. Nf3 g6 3. Bg5 Bg7 4. e3 d6 5. Nbd2 Nbd7 6. c3 O-O 7. Qc2 Qe8
8. Bd3 Rb8 9. a4 e5 10. O-O Kh8 11. Bh4 Ng8 12. e4 Ngf6 13. Rfe1 Nh5 14.
Nc4 Rg8 15. dxe5 dxe5 16. Bf1 Nc5 17. b4 Nd7 18. Rad1 f6 19. Na3 Nf8 20.
Nb5 Qe7 21. Bc4 g5 22. Bxg8 Kxg8 23. Bg3 a6 24. Na3 Be6 25. Nd2 Qf7 26. c4
Ng6 27. Nf1 Bf8 28. Qc3 Ng7 29. Ne3 h5 30. f3 h4 31. Bf2 Kh7 32. a5 c6 33.
c5 Nf4 34. Rd2 Be7 35. Nac4 Bd8 1/2-1/2

[Event "2nd WTeam w"]
[Site "Ningbo CHN"]
[Date "2009.09.10"]
[Round "8"]
[White "Gunina,V"]
[Black "Pham Bich Ngoc"]
[Result "1-0"]
[WhiteElo "2437"]
[BlackElo "2145"]
[EventDate "2009.09.02"]

1. d4 Nf6 2. c4 c5 3. d5 b5 4. a4 bxc4 5. Nc3 d6 6. e4 g6 7. Bxc4 Ba6 8.
Bb5+ Bxb5 9. axb5 Nbd7 10. f4 Bg7 11. Nf3 O-O 12. O-O Nb6 13. Qe1 Qd7 14.
Qh4 Qg4 15. Qxg4 Nxg4 16. Rd1 Rfb8 17. e5 dxe5 18. h3 e4 19. Nxe4 Nf6 20.
Nxf6+ Bxf6 21. Ne5 Bxe5 22. fxe5 Nd7 23. Bg5 f6 24. e6 Ne5 25. Bf4 Rxb5 26.
d6 exd6 27. Rxd6 Rb7 28. Bh6 Re8 29. Rf1 Rxb2 30. Rxf6 Rb6 31. Rxb6 axb6
32. Kh2 b5 33. Kg3 b4 34. Kf4 Nc6 35. Ke4 Ne7 36. g4 b3 37. Bc1 Rb8 38. Rf7
Nc8 39. Rd7 Nb6 40. Rd1 Na4 41. Rd7 c4 42. Ke5 c3 43. e7 Kf7 44. Rd8 Rb5+
45. Kd6 Rb6+ 46. Kd5 Re6 47. Rf8+ Kxe7 48. Ba3+ Nc5 49. Bxc5+ Kd7 50. Rf7+
Kc8 51. Kxe6 b2 52. Bd6 c2 53. Rc7+ Kd8 54. Rxc2 1-0

[Event "2nd WTeam w"]
[Site "Ningbo CHN"]
[Date "2009.09.10"]
[Round "8"]
[White "Tan Zhongyi"]
[Black "Danielian,E"]
[Result "1-0"]
[WhiteElo "2435"]
[BlackElo "2489"]
[EventDate "2009.09.02"]

1. d4 d5 2. c4 c6 3. Nf3 Nf6 4. Nc3 e6 5. Bg5 Nbd7 6. cxd5 exd5 7. e3 Be7
8. Qc2 O-O 9. Bd3 Re8 10. O-O-O h6 11. Bf4 b5 12. Nxb5 Qa5 13. Nc7 Bb7 14.
Nxa8 Qxa2 15. Nc7 Rc8 16. b4 Qa3+ 17. Qb2 Qa4 18. Bc2 Qxb4 19. Qxb4 Bxb4
20. Bd3 Ne4 21. Bxe4 dxe4 22. Nd2 Ba5 23. Nxe4 Bxc7 24. Bxc7 Rxc7 25. Nc5
Nxc5 26. dxc5 Ba6 27. Rd8+ Kh7 28. Rhd1 Bc4 29. e4 Be6 30. R1d6 g6 31. Kc2
Kg7 32. Kc3 g5 33. f3 h5 34. g3 Rb7 35. f4 gxf4 36. gxf4 Rb3+ 37. Kd4 Rb2
38. f5 Rxh2 39. Ke5 Ba2 40. Rxc6 h4 41. f6+ Kg6 42. Rcc8 Be6 43. Rg8+ Kh5
44. Rce8 h3 45. Rxe6 Rc2 46. Ree8 Kh4 47. Rg7 Rxc5+ 48. Kf4 1-0

[Event "2nd WTeam w"]
[Site "Ningbo CHN"]
[Date "2009.09.10"]
[Round "8"]
[White "Mkrtchian,L"]
[Black "Zhang Xiaowen"]
[Result "1-0"]
[WhiteElo "2468"]
[BlackElo "2391"]
[EventDate "2009.09.02"]

1. d4 Nf6 2. c4 g6 3. Nc3 Bg7 4. Nf3 O-O 5. Bg5 h6 6. Bh4 c5 7. d5 d6 8. e3
a6 9. Nd2 Nbd7 10. a4 Nh7 11. Qc2 f5 12. f4 Qe8 13. Be2 Ndf6 14. O-O e5 15.
Rae1 Bd7 16. a5 Rb8 17. fxe5 Qxe5 18. Bd3 Ng4 19. Nf3 Qe8 20. e4 f4 21. e5
Bf5 22. e6 Ne3 23. Rxe3 fxe3 24. Ne4 g5 25. Nxd6 Bxd3 26. Qxd3 Qe7 27. Bg3
g4 28. Nf5 Rxf5 29. Qxf5 gxf3 30. Bxb8 f2+ 31. Kh1 e2 32. Qxf2 exf1=Q+ 33.
Qxf1 Bxb2 34. Qe2 Bd4 35. d6 Qg5 36. e7 Nf6 37. Qd3 1-0

[Event "2nd WTeam w"]
[Site "Ningbo CHN"]
[Date "2009.09.10"]
[Round "8"]
[White "Wang Yu A"]
[Black "Galojan,L"]
[Result "0-1"]
[WhiteElo "2380"]
[BlackElo "2326"]
[EventDate "2009.09.02"]

1. e4 c5 2. Nf3 d6 3. d4 cxd4 4. Nxd4 Nf6 5. Nc3 a6 6. h3 e6 7. g4 d5 8.
exd5 Nxd5 9. Nde2 Qa5 10. Bg2 Nxc3 11. Nxc3 Be7 12. O-O Nc6 13. Be3 O-O 14.
Ne4 e5 15. a3 Be6 16. b4 Qc7 17. c3 Bc4 18. Re1 Rad8 19. Qc1 Rfe8 20. a4 b6
21. Qb2 Rb8 22. Red1 Nd8 23. Nd2 Be2 24. Re1 Bd3 25. Nb3 a5 26. b5 Ne6 27.
Red1 Red8 28. Rd2 e4 29. Nd4 Nxd4 30. cxd4 Rbc8 31. Rdd1 Qc2 32. Qxc2 Bxc2
33. Rdc1 Bf6 34. Ra2 Bb3 35. Rxc8 Rxc8 36. Ra1 Rc4 37. Ra3 Bxa4 38. Bxe4
Bxd4 39. Bd5 Rb4 40. Bxd4 Rxd4 41. Bc6 h5 42. gxh5 Rb4 43. Rc3 Bxb5 44. Bd5
Bd7 45. Rc7 Be6 46. Bf3 a4 47. Ra7 b5 48. Bc6 Kf8 49. f4 Rb3 50. Be4 f5 0-1

[Event "2nd WTeam w"]
[Site "Ningbo CHN"]
[Date "2009.09.10"]
[Round "8"]
[White "Gaponenko,I"]
[Black "Karavade,E"]
[Result "1/2-1/2"]
[WhiteElo "2438"]
[BlackElo "2391"]
[EventDate "2009.09.02"]

1. e4 c5 2. Ne2 d6 3. g3 Nc6 4. Bg2 Nf6 5. c3 g6 6. d4 Bg4 7. f3 Bd7 8. Be3
b6 9. g4 Bg7 10. h3 e5 11. d5 Ne7 12. Nd2 O-O 13. f4 exf4 14. Bxf4 Ne8 15.
Nf3 f5 16. gxf5 gxf5 17. e5 dxe5 18. Bxe5 Ng6 1/2-1/2

[Event "2nd WTeam w"]
[Site "Ningbo CHN"]
[Date "2009.09.10"]
[Round "8"]
[White "Gomes,Mary"]
[Black "Zdebskaja,N"]
[Result "0-1"]
[WhiteElo "2396"]
[BlackElo "2410"]
[EventDate "2009.09.02"]

1. Nf3 Nf6 2. g3 b5 3. Bg2 Bb7 4. O-O e6 5. b3 c5 6. Bb2 Be7 7. d3 O-O 8.
e4 d6 9. Nbd2 Nc6 10. c4 a6 11. Re1 Nd7 12. d4 cxd4 13. Nxd4 Qb6 14. Nxc6
Bxc6 15. cxb5 axb5 16. Nf3 e5 17. Qc2 Rfc8 18. Nd2 Nc5 19. b4 Na4 20. Qb1
Qa7 21. Nf1 Bd8 22. Bc1 Nc3 23. Qb2 Qd4 24. Be3 Qd3 25. Nd2 Bd7 26. Bf1 Na4
27. Qb3 Qc3 28. Rec1 Qb2 29. Rab1 Qxb3 30. axb3 Nc3 31. Ra1 Rxa1 32. Rxa1
Kf8 33. Bd3 Be7 34. Nf3 f5 35. Nd2 d5 36. exd5 e4 37. Bf1 Nxd5 38. Ra7 Ke8
39. Bd4 Bxb4 40. Nb1 f4 41. Na3 Rc1 42. Bb2 Rd1 43. Nc2 e3 44. fxe3 fxe3
45. Nd4 e2 46. Ra8+ Ke7 47. Nxe2 Bc5+ 0-1

[Event "2nd WTeam w"]
[Site "Ningbo CHN"]
[Date "2009.09.11"]
[Round "9"]
[White "Karavade,E"]
[Black "Goletiani,R"]
[Result "1-0"]
[WhiteElo "2391"]
[BlackElo "2391"]
[EventDate "2009.09.02"]

1. d4 Nf6 2. Nf3 e6 3. c4 c5 4. d5 exd5 5. cxd5 d6 6. Nc3 g6 7. h3 Bg7 8.
e4 O-O 9. Bd3 a6 10. a4 Qe7 11. O-O Nbd7 12. Bf4 Ne8 13. Re1 b6 14. Qd2 Rb8
15. Rab1 Nc7 16. b4 Bb7 17. bxc5 bxc5 18. Bc4 Rfe8 19. Rb3 f6 20. Qd3 Bc8
21. Rxb8 Nxb8 22. e5 fxe5 23. Bxe5 Bf5 24. Qd2 Bxe5 25. Rxe5 Qf8 26. Rxe8
Qxe8 27. g4 Bc8 28. Qf4 Qf8 29. Qg3 Nd7 30. Ne4 Nb6 31. Ba2 Nbxd5 32. Nxd6
Be6 33. Ng5 Nf4 34. Nxe6 Ncxe6 35. Bxe6+ Nxe6 36. Qe5 Qe7 37. Kh2 g5 38.
Kg1 h6 39. Nf5 Qd7 40. Qf6 Nf4 41. Ne7+ Kh7 42. Qf7+ 1-0